Movies Quiz

Random Movies Quiz

Mamma Mia! Quiz Stats

 Plays Quiz not verified by Sporcle

Challenge
Share
Tweet
Embed
Score 0/27 Timer 10:00
0 Plays Today
Hints Mamma Mia % Correct
Who is the bride to be????
99.2%
Whose mother is????
98%
Who marries????
89.5%
Who comes to the island with????
87%
Who also comes with????
86.9%
Who is friends with Donna also like????
73.6%
Who teaches ....... water sports????
71.5%
Who is sung with sophie and her tall best friend????
46.2%
And they are also best friends with????
43.4%
Who appears with tanya after the song.... is sung????
38%
Which was written by the band????
33.7%
Who are invited by their possible????
32.7%
Performed by the band????
31.7%
Which is sung at the girl's party after Donna, Tanya and Rosie's band perform????
30.3%
Hints Mamma Mia % Correct
Who invites them to the coutnry????
29.5%
Which Tanya sings to????
29.1%
Who joins in with the song????
28.6%
Which is watched by the tree possible????
27.6%
Which were married when Sam sung Donna????
21.5%
And also????
18%
Which broke at the celebration party, as it was pressumed that Aphrodite being the goddess of love broke due to Donna and Sam or Sophie and Skye's reunion????
17.5%
Which was said that there was a legend that the hotel was built on top of????
16.9%
Which has a villa owned by Donna called????
16.1%
From which this film would have never been????
16.1%
Where they sing????
15.5%
Which has an island where Sophie and Donna live called????
14.3%
Who is with Skye at the????
12.7%

You're not logged in!

Compare scores with friends on all Sporcle quizzes.
OR
Log In

You Might Also Like...

Show Comments

Extras

Created Feb 24, 2013ReportNominate
Tags:character, mamma, mia

Top Quizzes Today


Score Distribution

Your Account Isn't Verified!

In order to create a playlist on Sporcle, you need to verify the email address you used during registration. Go to your Sporcle Settings to finish the process.

Report this User

Report this user for behavior that violates our Community Guidelines.

Details: